Othello : (Record no. 18913)
[ view plain ]
| 000 -LEADER | |
|---|---|
| fixed length control field | 00955cam a22002891 4500 |
| 001 - CONTROL NUMBER | |
| control field | 18913 |
| 003 - CONTROL NUMBER IDENTIFIER | |
| rucl marc code | BD-RjUL |
| 005 - DATE AND TIME OF LATEST TRANSACTION | |
| control field | 20211209000344.0 |
| 008 - FIXED-LENGTH DATA ELEMENTS--GENERAL INFORMATION | |
| fixed length control field | 140222s1924 mau 000 0 eng |
| 035 ## - SYSTEM CONTROL NUMBER | |
| System control number | (BD-RjUL)18971 |
| System control number | (OCoLC)1557436 |
| 040 ## - CATALOGING SOURCE | |
| Original cataloging agency | DLC |
| Transcribing agency | OWoC |
| Modifying agency | OCoLC |
| -- | DLC |
| -- | BD-RjUL |
| Language of cataloging | eng |
| 041 ## - LANGUAGE CODE | |
| Language code of text/sound track or separate title | eng |
| 082 ## - DEWEY DECIMAL CLASSIFICATION NUMBER | |
| Classification number | 822.33 |
| Author mark and year | SHO |
| 100 1# - MAIN ENTRY--PERSONAL NAME | |
| Personal name | Shakespeare, William, |
| Dates associated with a name | 1564-1616. |
| 9 (RLIN) | 58315 |
| 245 10 - TITLE STATEMENT | |
| Title | Othello : |
| Remainder of title | the Moor of Venice / |
| Statement of responsibility, etc. | edited by C. H. Herford. |
| 250 ## - EDITION STATEMENT | |
| Edition statement | American edition, revised by Raymond M. Alden. |
| 260 ## - PUBLICATION, DISTRIBUTION, ETC. (IMPRINT) | |
| Place of publication, distribution, etc. | Boston ; |
| -- | New York [etc.] : |
| Name of publisher, distributor, etc. | D. C. Heath and Co., |
| Date of publication, distribution, etc. | c1924. |
| 300 ## - PHYSICAL DESCRIPTION | |
| Pagination | xlii, 176 p. ; |
| Size | 17 cm. |
| 490 0# - SERIES STATEMENT | |
| Series statement | The Arden Shakespeare |
| 650 #0 - SUBJECT ADDED ENTRY--TOPICAL TERM | |
| Topical term or geographic name as entry element | Othello (Fictitious character) |
| Form subdivision | Drama. |
| 9 (RLIN) | 57413 |
| 700 1# - ADDED ENTRY--PERSONAL NAME | |
| Personal name | Herford, C. H. |
| Fuller form of name | (Charles Harold), |
| Dates associated with a name | 1853-1931. |
| Personal name | Alden, Raymond Macdonald, |
| Dates associated with a name | 1873-1924. |
| 942 ## - ADDED ENTRY ELEMENTS (KOHA) | |
| Source of classification or shelving scheme | Dewey Decimal Classification |
| Koha item type | Books |
| Lost status | Source of classification or shelving scheme | Damaged status | Not for loan | Collection code | Permanent Location | Current Location | Shelving location | Date acquired | Total Checkouts | Full call number | Date last seen | Copy number | Koha item type | Source of acquisition | Cost, normal purchase price |
|---|---|---|---|---|---|---|---|---|---|---|---|---|---|---|---|
| Dewey Decimal Classification | Not For Loan | Fiction | Central Library, University of Rajshahi | Central Library, University of Rajshahi | Reading Room | 22/02/2014 | 822.33 SHO 1924 | 22/02/2014 | C-1 | Books | |||||
| Dewey Decimal Classification | Not For Loan | Fiction | Central Library, University of Rajshahi | Central Library, University of Rajshahi | Reading Room | 06/03/1957 | 822.33 SHO 1924 | 22/02/2014 | C-2 | Books | public Raj Estate | 0.00 |